| 000 | 02070 a2200241 4500 | ||
|---|---|---|---|
| 001 | 31667 | ||
| 005 | 20260407155620.0 | ||
| 008 | 260407a1972 arg spa d | ||
| 003 | AR-UNSa-BCEJYS | ||
| 040 |
_aAR-UNSa-BCEJYS _bspa _cAR-UNSa-BCEJYS |
||
| 080 |
_a658.5 _xPlanificación y control de la producción |
||
| 245 | 1 | 0 |
_aSistemas de producción e inventario _pplaneación y control |
| 264 | 1 |
_aMéxico : _bLimusa _c1972 |
|
| 300 |
_a576 p. _c23 cm. |
||
| 505 | _aParte I: Introducción: 1. Naturaleza de los sistemas de producción - inventario - 2. Pronósticos para el control de los inventarios y de la producción -- Parte II: Inventarios: 3. Modelos básicos de inventarios - 4. Sistemas de administración de inventarios --Parte III: Planeación agregada,conceptos y métodos: 5. Planeación agregada,planteamiento del problema - 6. Métodos de planeación agregada utilizando reglas de decisión matemáticamente óptimas y heurísticas - 7. Métodos de planeación agregada utilizando la regla de decisión por búsqueda -- Parte IV:Planeación y programación para productos estandarizados de alto volumen de producción: 8. Programación para productos estandarizados de alto volumen de producción - 9. Secuencia de operaciones y balance de líneas -- Parte V: Planeación y programación en los sistemas de producción intermitente en talleres: 10. Diseño de las instalaciones para sistemas intermitentes - 11. Investigación para programación en talleres de producción intermitente - 12. Sistemas de planeación,programación y control en los talleres de producción intermitente -- Parte VI: Planeación y programación de los proyectos en gran escala - 13. Planeación y programación de redes - 14. Programación y control de proyectos -- Parte VII: Resumen: 15. Control de inventarios y de la producción-Síntesis. | ||
| 041 | _aspa | ||
| 942 | _cBK | ||
| 590 | _aniveau_biblio:m niveau_hierar:0 | ||
| 100 | 1 | _aSuárez, Eduardo L. | |
| 700 | 1 | _aBuffa, Elwood S. | |
| 700 | 1 | _aTaubert, William H. | |
| 700 | 1 | _aLeón Garza, Miguel | |
| 999 |
_c2205 _d2205 |
||